000 00261nam a2200097Ia 4500
008 220204s9999 xx 000 0 und d
082 _bIND
245 0 _aIndian scientific and technical publications:Exhibiton 1960
260 _aNew Delhi
_bCSIR
_c1960
942 _cBK
999 _c20409
_d20409